000
00366nam a2200145Ia 4500
008
230411s9999 xx 000 0 und d
020
_a
0-7020-1808-2
041
_a
eng
082
_a
F/616.89/PAT/B03750
100
_a
Patel Ashok
245
_a
Complete MRCPsych : Part 2
260
_b
W B Saunders Company
_a
London
_c
1994
300
_a
231p
999
_c
154562
_d
154562